|
|
|
|
| LEADER |
00000nam0a2200000 4500 |
| 001 |
26643 |
| 005 |
20231030201718.0 |
| 010 |
|
|
|a 5272000595
|
| 035 |
|
|
|a (RuTPU)RU\TPU\book\26887
|
| 035 |
|
|
|a BOOK00026962
|
| 090 |
|
|
|a 26643
|
| 100 |
|
|
|a 20011209d2001 k y0rusy50 ca
|
| 101 |
0 |
|
|a rus
|
| 102 |
|
|
|a RU
|
| 105 |
|
|
|a a g 001zy
|
| 200 |
1 |
|
|a Microsoft Excel 2000
|e Справочник
|f Под ред. Б. Карпова
|
| 205 |
|
|
|a 2-е изд.
|
| 210 |
|
|
|a СПб.
|c Питер
|d 2001
|
| 215 |
|
|
|a 512 с.
|c ил.
|
| 610 |
1 |
|
|a программирование
|
| 610 |
1 |
|
|a приложения
|
| 610 |
1 |
|
|a Excel 2000
|
| 610 |
1 |
|
|a возможности
|
| 610 |
1 |
|
|a функции
|
| 610 |
1 |
|
|a справочники
|
| 675 |
|
|
|a 681.3.06(03)
|v 3
|
| 702 |
|
1 |
|a Карпов
|b Б.
|4 340
|
| 801 |
|
0 |
|a RU
|b 63413507
|c 20011209
|g PSBO
|
| 801 |
|
2 |
|a RU
|b 63413507
|c 20110920
|g RCR
|
| 942 |
|
|
|c BK
|